| 000 | 00000nam 2200000zi 4500 |
| 001 | 9.943006 |
| 003 | CaOODSP |
| 005 | 20241104142720 |
| 006 | m o d f |
| 007 | cr |n||||||||| |
| 008 | 240909t19761977onc o f000 0 fre d |
| 020 | |z0660004615 |
| 040 | |aCaOODSP|bfre|erda|cCaOODSP |
| 043 | |an-cn--- |
| 086 | 1 |aZ1-1975/1-41-8F-PDF|zZ1-1975/1-41-8F |
| 100 | 1 |aPerreault, Michel G., |eauteur. |
| 245 | 14|aLes Compagnies Molson limitée : |bune analyse de sa structure corporative / |cpar Michel G. Perreault. |
| 264 | 1|a[Ottawa] : |bApprovisionnements et services Canada, |cjanvier 1976. |
| 264 | 4|c©1977 |
| 300 | |a1 ressource en ligne (vii, 88 pages). |
| 336 | |atexte|btxt|2rdacontent/fre |
| 337 | |ainformatique|bc|2rdamedia/fre |
| 338 | |aressource en ligne|bcr|2rdacarrier/fre |
| 490 | 1 |aÉtude - Commission royale d'enquête sur les groupements de sociétés ; |vno. 8 |
| 500 | |aPublié aussi en anglais sous le titre : The Molson Companies Limited : a corporate background report. |
| 500 | |aÉdition numérisée de l'imprimée [par Direction des publications du Gouvernement du Canada]. |
| 610 | 26|aCompagnies Molson. |
| 650 | 6|aConglomérats (Économie politique)|zCanada. |
| 710 | 1 |aCanada. |bCommission royale d'enquête sur les groupements de sociétés, |eorganisme de publication. |
| 775 | 08|tThe Molson Companies Limited : |w(CaOODSP)9.894268 |
| 830 | #0|aÉtude / Commission royale d'enquête sur les groupements de sociétés ;|vno. 8. |w(CaOODSP)9.942876 |
| 856 | 40|qPDF|s5076 Ko|uhttps://publications.gc.ca/collections/collection_2024/bcp-pco/Z1-1975-1-41-8-fra.pdf |